000 01833nam a22002897a 4500
999 _c84665
_d84665
005 20190411163356.0
010 _aB-713459-474 MPLADS HIN-102541 राष्ट्रपति-2 B-691824
020 _c300.00
_a9789380927282
020 _c400.00
_a9789380927282
035 _aHN-74887
035 _aB-713459-474
035 _aB-691824
037 _bDBAD / PUB
037 _bसुहानी बुक्स
082 _a509
100 _aपन्त, दयानन्द
245 _aविज्ञान का इतिहास /
_cदयानन्द पन्त
246 _aVigyan ka Itihaas
_bby Dayanand Pant
260 _aदिल्ली
_bसुहानी बुक्स
_c2017
270 _aसी-37, ग्राउंड फ्लोर (ब्लॉक सी) गणेशनगर, पांडवनगर काॅम्प्लेक्स,
_bदिल्ली
_e110092
300 _a208पृ.
_c22सेमी(सजिल्द)
500 _aMPLADS
500 _aराष्ट्रपति-2
942 _2ddc
_cHN
_mपन्तद
_h509